Chuyển đến nội dung

Анализ финансово-хозяйственной деятельности Пособие для профессионального бухгалтера

Đã lưu trong:
Chi tiết về thư mục
Tác giả chính: Шеремет А.Д
Định dạng: Учебное пособие
Truy cập trực tuyến:https://znanium.com/catalog/document?id=218976
https://znanium.com/cover/0068/68063.jpg
Các nhãn: Thêm thẻ
Không có thẻ, Là người đầu tiên thẻ bản ghi này!
LEADER 01750nam0a2200253 i 4500
001 RU\infra-m\znanium\bibl\68063
003 https://znanium.com/catalog/document?id=218976
005 20191223000000.0
010 |a 978-5-93831-022-3 
100 |a 20191223d2011 m y0rusy0150 ca 
101 0 |a rus 
102 |a RU 
200 1 |a Анализ финансово-хозяйственной деятельности  |e Пособие для профессионального бухгалтера  |e Учебное пособие  |f Московский государственный университет им. М.В. Ломоносова, экономический факультет 
210 1 |a Москва  |c Институт профессиональных бухгалтеров России (ИПБ России)  |d 2003 
215 |a 312 с. 
333 |a ВО - Бакалавриат 
606 |a Экономика. Бухгалтерский учет. Финансы  |x Анализ хозяйственной деятельности (АХД)  |2 local 
608 |a Учебное пособие  |2 local 
675 |a 657.6(075.8)  |z rus 
686 |a 65.053я7  |2 rubbk 
700 1 |a Шеремет  |b А.Д.  |g Анатолий Данилович  |p Московский государственный университет им. М.В. Ломоносова, экономический факультет 
801 0 |a RU  |b Общество с ограниченной ответственностью «ЗНАНИУМ»  |c 20030901  |2 rusmarc 
856 4 |a znanium.com  |m ebs_support@infra-m.ru  |n НИЦ ИНФРА-М  |u https://znanium.com/catalog/document?id=218976 
856 4 1 |a znanium.com  |d /cover/0068  |f 68063.jpg  |q image/jpeg  |u https://znanium.com/cover/0068/68063.jpg